LEADER 00909nam a2200229 4500 001 000000340056 003 CaOOAMICUS 005 20200710184604.0 008 200401s1979 it 000 u ita r 040 $aSeMil$bita 245 10$aDa Paolo 6. a Giovanni Paolo 2. /$cscritti di Luigi Accattoli ... [et al.]. 264 1$aBologna :$bMassimiliano Boni,$c1979. 300 $a212 p. ;$c22 cm 541 0 $aFondo mons. Pasquale Macchi 650 4$aPapi - Storia - Sec. 20.$0(OLS)http://semarc/subject/31930 700 1 $aAccattoli, Luigi,$d<1943- >.$0(OLS)http://semarc/name/24191 850 $aSeMil 852 $aSeMil$W1$xVenegono$y1$m3A III 333$j220031$B231201$CSeMilBibl$Z2$F231201 $81 941 1 $a9 996 $6245$aDa Paolo 6. a Giovanni Paolo 2.$9(OLS)http://semarc/title/428969 996 $6264$aBologna :$bMassimiliano Boni$9(OLS)http://semarc/publisher/31742 LEADER 01269nam a2200301 4500 001 000000352674 003 CaOOAMICUS 005 20230223115832.0 008 230113s2022 it 000 u ita r 020 $a978-88-399-3813-8 040 $aSeMil$bita 100 1 $aSchockenhoff, Eberhard <1953- >.$0(OLS)http://semarc/name/21530 240 10$aFrieden and Erden? :$bWeihnachten als Provokation.$0(OLS)http://semarc/title/442565 245 10$aE pace in terra? :$bil Natale come provocazione /$cEberhard Schockenhoff. 264 1$aBrescia :$bQueriniana,$c2022. 300 $a168 p. ;$c20 cm 490 1 $aSpiritualitą ;$v213 541 0 $aOmaggio mons. Mario Delpini 650 4$aNatale - Meditazioni.$0(OLS)http://semarc/subject/7608 830 0$aSpiritualitą ;$v213.$0(OLS)http://semarc/title/5897 850 $aSeMil 852 $aSeMil$W1$xVenegono$y1$m2C VII 377$j239928$B243897$CSeMilBibl$Z2$F243897 $81 941 1 $a7 961 $aOmaggio mons. Mario Delpini 996 $6020$a978-88-399-3813-8$9(OLS)http://semarc/number/297450 996 $6245$aE pace in terra? :$bil Natale come provocazione$9(OLS)http://semarc/title/442566 996 $6264$aBrescia :$bQueriniana$9(OLS)http://semarc/publisher/29615